Miasta w Kambodży - nagła śmierć - Statystyki

Ogólne statystyki
  • Ten quiz został rozwiązany 20 razy
  • Średni wynik to 6 z 9
Answers on the Grid
Answers color-coded by a green-red scale on the quiz's grid according to % correct below.
Phnom Penh
Siem Reab
Bătdâmbâng
Paôypêt
Preăh Sihanŭk
Ta Khmau
Sisŏphŏn
Kampot
Lumphat
Sendai
Nankin
Naypyidaw
Lampang
Wientian
Ho Chi Minh
Kuala Lumpur
 
Statystyki odpowiedzi
Odpowiedź % Poprawnych
Bătdâmbâng
92%
Phnom Penh
92%
Paôypêt
75%
Siem Reab
67%
Preăh Sihanŭk
58%
Ta Khmau
58%
Sisŏphŏn
50%
Lumphat
42%
Kampot
33%
Nie znaleziono quizów pasujących do podanych kryteriów
Rozkład punktacji
Procent ludzi z każdym wynikiem
Percentyl według liczby udzielonych odpowiedzi
Twoja historia wyników
Nie rozwiązałeś tego quizu